LEADER 01518nam a2200337 a 4500 001 000000128085 003 CaOOAMICUS 005 20120316142443.0 008 120316s2011 it d u000 u ita r 040 $aPUL$bita 082 04$a657 100 1 $aGaiani, Luca.$0(OLS)http://pul/name/78590 245 10$aBilancio e reddito d'impresa /$cdi Luca Gaiani. 260 $aMilano :$bIl Sole 24 ore,$c2011. 300 $a159 p. :$bgrafici ;$c24 cm. 490 1 $aBiblioteca del Sapere del Sole 24 Ore 490 1 $aContabilità facile : bilancio, principi contabili, reddito d'impresa ;$v09 500 $aSulla cop.: Sistema Frizzera, Norme e tributi. 504 $aInclude riferimenti bibliografici ed indice. 650 4$aContabilità.$0(OLS)http://pul/subject/34457 650 4$aImprese$xContabilità.$0(OLS)http://pul/subject/34456 650 4$aEconomia.$0(OLS)http://pul/subject/1893 830 0$aBiblioteca del Sapere del Sole 24 Ore.$0(OLS)http://pul/title/137968 830 0$aContabilità facile : bilancio, principi contabili, reddito d'impresa ;$v09.$0(OLS)http://pul/title/161849 850 $aPUL 852 $aPUL$W1$xDP2 Cons. Gen., Altre Classi 3$y97$m657 COLL 1.9$j148249$qDDC 21$B146851$CPULBib$Z2$F146851 $H118696 $82 941 1 $a9 996 $6082$a657$9(OLS)http://pul/classification/745 996 $6245$aBilancio e reddito d'impresa$9(OLS)http://pul/title/161854 996 $6260$aMilano :$bIl Sole 24 ore$9(OLS)http://pul/publisher/69212 LEADER 01294nam a2200289 u 4500 001 000000056766 003 CaOOAMICUS 005 20070226120517.0 008 010420s1967 it u000 u ita u 035 $a10886043 040 $aPUL(R)$bita 100 1 $aSubilia, Vittorio,$d1911-1988.$0(OLS)http://pul/name/5733 245 13$aLa nuova cattolicità del Cattolicesimo :$buna valutazione protestante del Concilio Vaticano II /$cVittorio Subilia. 260 $aTorino :$bClaudiana,$cc1967. 300 $a313 p. ;$c22 cm 490 1 $aNuovi studi teologici ;$v1 504 $aBibliografia in nota. 611 24$aConcilium Vaticanum$n(2 :$d1962-1965).$0(OLS)http://pul/subject/71 650 4$aProtestantesimo e Cattolicesimo.$0(OLS)http://pul/subject/993 830 0$aNuovi studi teologici ;$v1.$0(OLS)http://pul/title/44988 850 $aPUL 852 $aPUL$W1$xSL Religione 1$y3$m62 E 87$j74400$nBK-PRI$b $qStampati$B74400$CPULBib$Z2$F74400 $H $81 941 1 $a8 960 $aConcilio Vaticano II (1962-1965)$971 961 $aINV: 55193 996 $6245$aLa nuova cattolicità del Cattolicesimo :$buna valutazione protestante del Concilio Vaticano II$9(OLS)http://pul/title/75937 996 $6260$aTorino :$bClaudiana$9(OLS)http://pul/publisher/48072